Đánh giá khả năng ứng dụng phần mềm Southlis trong quản lý và khai thác cơ sở dữ liệu đất đai tại thành phố Hà Tiên, tỉnh Kiên Giang : Luận văn tốt nghiệp Cao học. Chuyên ngành Quản lý đất đai

Nghiên cứu nhằm góp phần hiện đại hóa ngành quản lý đất đai hướng tới xây dựng hệ thống quản lý đất đai hiện đại, minh bạch, hiệu quả, cung cấp các dịch vụ công cho người dân, tăng cường tính hiệu quả trong hoạt động quản lý nhà nướ...

Disgrifiad llawn

Wedi'i Gadw mewn:
Manylion Llyfryddiaeth
Prif Awdur: Nguyễn, Phước Đạt
Fformat: Llyfr
Iaith:Undetermined
Cyhoeddwyd: Cần Thơ Trường Đại học Cần Thơ 2019
Pynciau:
Tagiau: Ychwanegu Tag
Dim Tagiau, Byddwch y cyntaf i dagio'r cofnod hwn!
Thư viện lưu trữ: Trung tâm Học liệu Trường Đại học Cần Thơ
LEADER 01566nam a2200229Ia 4500
001 CTU_232059
008 210402s9999 xx 000 0 und d
082 |a 333.730285 
082 |b Đ110 
088 |a 8850101 
100 |a Nguyễn, Phước Đạt 
245 0 |a Đánh giá khả năng ứng dụng phần mềm Southlis trong quản lý và khai thác cơ sở dữ liệu đất đai tại thành phố Hà Tiên, tỉnh Kiên Giang : 
245 0 |b Luận văn tốt nghiệp Cao học. Chuyên ngành Quản lý đất đai 
245 0 |c Nguyễn Phước Đạt ; Lê Quang Trí (Cán bộ hướng dẫn) 
260 |a Cần Thơ 
260 |b Trường Đại học Cần Thơ 
260 |c 2019 
520 |a Nghiên cứu nhằm góp phần hiện đại hóa ngành quản lý đất đai hướng tới xây dựng hệ thống quản lý đất đai hiện đại, minh bạch, hiệu quả, cung cấp các dịch vụ công cho người dân, tăng cường tính hiệu quả trong hoạt động quản lý nhà nước về đất đai, hình thành một hệ thống cơ sở dữ liệu đất đai toàn diện, hiện đại trên địa bàn thành phố Hà Tiên. 
650 |a Land use,Sử dụng đất 
650 |x Planning,Data processing,Kế hoạch,Xử lý dữ liệu 
910 |b nthai 
980 |a Trung tâm Học liệu Trường Đại học Cần Thơ